000 00786cab a2200241 4500
001 WB2707-18
008 090401t1991 xxu||||| |||| 00| 0 eng d
035 _a(Sirsi) u8602
041 _aeng
245 _aHousing code
260 _c1991
350 _a0
490 _aEstates Gazette
_v(9105) 9/2/91 p87
520 _aThe Commission for Racial Equality `s " Race Relations code of practice in rented housing coming into effect on 1 May 1991, is designed to address racial discrimination problems occurring in the rented housing sector.
650 _aEQUAL OPPORTUNITIES
650 _aHOUSING ASSOCIATIONS
650 _aLANDLORD AND TENANT
_96252
650 _aRACE RELATIONS ACT 1976
650 _aSOCIAL HOUSING
690 _aHOUSING
942 _n0
948 _c04/03/1997
999 _c5324
_d5324